00586cam a22001937a 4500003000500000005001700005008004100022010001000063011001000073035001000083040000900093082001500102100002500117245002600142260008000168300001000248500009400258650004000352CHAP20220817041559.0971013s r 00010 d a18612 a19584 a23669 cCHAP a338.1bA5500aAlmada Breach, Hugo. 0aEconomía agrícola a(Cd. Juárez) :bEscuela Superior de Agricultura Hermanos Escobar,c[1961] a177 p aEncuadernado con: Rangel Andazola, Adalberto. La propiedad en el derecho agrario mexicano14aAgriculturaxAspectos económicos.